Statistics for Geography Questions #7: State Version

Click here to take the quiz!

General Stats

  • This quiz has been taken 49 times
  • The average score is 10 of 11

Answer Stats

HintAnswer% Correct
Largest city in CaliforniaLos Angeles
100%
Most populous city in USANew York City
98%
State bordering WashingtonOregon
98%
Capital of USAWashington, D.C.
96%
Country bordering WashingtonCanada
94%
State bordering WashingtonIdaho
94%
Capital of New YorkAlbany
90%
Capital of NevadaCarson City
85%
Capital of WyomingCheyenne
81%
Only contiguous US state that borders 1 stateMaine
73%
Nickname for CaliforniaGolden State
60%

Score Distribution

Percentile by Number Answered

Percent of People with Each Score

Your Score History

You have not taken this quiz